| 000 | 00618nam a22002177a 4500 | ||
|---|---|---|---|
| 003 | OSt | ||
| 005 | 20180329145501.0 | ||
| 008 | 160705b xxu||||| |||| 00| 0 eng d | ||
| 020 | _a0853694508 | ||
| 040 | _c040a | ||
| 082 |
_aWA 100 _bP278r 2003 |
||
| 100 |
_aHarman, Robin J. _99982 |
||
| 245 |
_aPatient care in Community Practice : _ba handbook of non-medicinal health care |
||
| 250 | _a2nd.ed | ||
| 260 |
_aLondon; _bPharmaceutical press, _c2003 |
||
| 300 |
_axiv, 283p; _bill : _c14 cm. |
||
| 504 | _aincludes index | ||
| 650 |
_aPatient care _99981 |
||
| 650 |
_aCommunity health _92112 |
||
| 942 |
_2z _cO_SHELF |
||
| 999 |
_c4645 _d4645 |
||